| 000 | 00358nam a2200157Ia 4500 | ||
|---|---|---|---|
| 008 | 160316s1996 xxu||||| |||| 00| 0 eng d | ||
| 082 |
_a301.000000 _bSAB |
||
| 100 | _aSaberwal Satish | ||
| 245 | _aRoots of crisis | ||
| 250 | _a | ||
| 260 |
_aNew Delhi _bSage Publications _c1996 |
||
| 300 |
_a199p _b _c |
||
| 365 | _bRs.175 | ||
| 650 | _a | ||
| 700 |
_a _a |
||
| 999 |
_c12753 _d12753 |
||